00797nam a2200193 a 450000100060000000300090000600800410001502000150005604000280007108200180009910000190011724500480013626000270018430000100021150502660022165000260048765000380051365000520055122784CO-ViMGA141112s2004 ck r 000 u spa d a9701507762 aCO-ViMGAbspacCO-ViMGA04a621.3815 D4731 aRubio, Antonio10aDiseño de circuitos y sistemas integrados aMéxico : bAlfaomega a448p. aSistema integrado mixto, Tecnologia de circuitos integrados, Metodologia de diseño de circuitos integrados, Interconexiones - componentes pasivos y de interfaz, Funciones digitales del sistema, Funciones analogicas del sistema, Integracion del sistema mixto14aCIRCUITOS INTEGRADOS 14aDISEÑO DE CIRCUITOS ELECTRICOS 14aDISEÑO DE CIRCUITOS INTEGRALES - METODOLOGIA